00323nam a2200121Ia 4500008004100000020002200041041000800063082002400071100001500095245004500110260003700155300000900192230411s9999 xx 000 0 und d a978-93-86261-60-1 aeng aN/613.07/IND/B08931 aIndrani TK aManual of Nutrition and Therapeutic Diet bJaypee BrothersaNew Delhic2017 a459p